[Event "9th Calgary International"]
[Site "Calgary"]
[Date "2016.07.30"]
[Round "6.6"]
[White "Kazmaier, Daniel"]
[Black "Chiku-Ratte, Olivier-Kenta"]
[Result "0-1"]
[WhiteElo "2194"]
[BlackElo "2386"]
[PlyCount "100"]
[EventDate "2016.07.27"]
[EventType "swiss"]
[EventRounds "9"]
[EventCountry "CAN"]
[SourceDate "2016.04.20"]

1. c4 c5 2. Nc3 Nf6 3. e4 d6 4. g3 g6 5. Bg2 Bg7 6. Nge2 O-O 7. O-O Nc6 8. f4
Bg4 9. h3 Bxe2 10. Nxe2 Nd7 11. d3 Rb8 12. Rb1 Qa5 13. a3 b5 14. b3 Rfc8 15. h4
Nb6 16. Bh3 Rc7 17. f5 Ne5 18. h5 gxf5 19. h6 Bh8 20. Bxf5 Nbd7 21. Nf4 Nf6 22.
Nd5 Nxd5 23. exd5 Bf6 24. Be4 bxc4 25. dxc4 Qc3 26. Bf4 Kh8 27. Kh2 Rcb7 28.
Qh5 {A double-edged battle is in progress. With his last move (Qh5) White
indicated his intention to put the queen on f5 with strong threats.} Rxb3 $2 {
Ignoring the threat should have cost Black the game.} ({Correct is} 28... Ng6
$1 {when it's not clear for White how to proceed.} {A sample line} 29. Qf5 Rxb3
30. Rxb3 Qxb3 31. Rb1 Qa2+ 32. Kh3 Rg8 33. Bxd6 $1 Qxc4 34. Rb8 Qc1 35. Rxg8+
Kxg8 36. Qc8+ Nf8 37. Qg4+ {leads to a draw by perpetual.}) 29. Rxb3 {This
wins if followed up correctly.} ({Nevertheless,} 29. Rfc1 $1 {is even stronger.
} {The main idea is seen after} Qd4 ({Black can also try} 29... Rb2+ {but after
} 30. Kh3 $1 Qxa3 31. Rxb2 Qxb2 32. Qf5 Ng6 33. Rb1 {White wins a lot of
material.}) 30. Rxb3 Rxb3 31. Qf5 $1 {creating two lethal checkmate threats.})
29... Qxb3 {Relatively best.} (29... Rxb3 {loses immediately to} 30. Qf5 Rb2+
31. Kh3) 30. Bxe5 $2 {Unfortunately, White goes wrong here, probably missing
Black's next move.} ({Correct is} 30. Rb1 $3 {with the same ideas as above.} {
For example,} Qa2+ 31. Kh3 Rxb1 32. Qf5 {and Black is helpless.}) 30... Bxe5
31. Rf3 Qd1 $1 {The only but sufficient resource.} 32. Bxh7 $2 {A nice try but
it loses quickly.} (32. Qxf7 Qd2+ 33. Kh3 Qxh6+ 34. Kg2 {may not look very
inspiring but the game is far from being over here.}) 32... Rb2+ 33. Kh3 Qh1+
34. Kg4 Qxh5+ 35. Kxh5 Rh2+ {An important finesse.} ({Clearly wrong is} 35...
Kxh7 $2 36. Rxf7+ Kg8 37. Kg6 Rb8 38. Rxe7 {and it is suddenly White who is
playing for a win.}) 36. Kg4 Kxh7 37. Rxf7+ Kg6 38. Rxe7 Rxh6 {The remainder
of the game needs no comments.} 39. Re6+ Kg7 40. Re7+ Kf8 41. Rxa7 Rg6+ 42. Kf5
Rxg3 43. Ra4 Ke7 44. Ra7+ Kd8 45. Ra8+ Kc7 46. Ke6 Kb7 47. Ra5 Rg4 48. Ra4 Rg8
49. Kd7 Kb6 50. Ke6 Rb8 0-1

[Event "9th Calgary International"]
[Site "Calgary"]
[Date "2016.07.31"]
[Round "7.2"]
[White "Popilski, Gil"]
[Black "Kamsky, Gata"]
[Result "1-0"]
[WhiteElo "2542"]
[BlackElo "2660"]
[PlyCount "55"]
[EventDate "2016.07.27"]
[EventType "swiss"]
[EventRounds "9"]
[EventCountry "CAN"]
[SourceDate "2016.04.20"]

1. e4 c5 2. Nf3 Nc6 3. d4 cxd4 4. Nxd4 Nf6 5. Nc3 g6 6. Nxc6 bxc6 7. e5 Ng8 8.
Bc4 {A pretty good line for White who scores more than 70% from here. But with
his next two moves Black is going to make it even worse.} Qc7 $2 {This turns
out to be not a good square for the queen.} (8... Bg7 {minimizes the damage.})
9. Bf4 {Now White has strong tactical threats that Black decides to ignore for
some reason.} Bg7 (9... e6 {looks ugly but may be the lesser evil.}) 10. Bxf7+
({Winning material in this manner is better than} 10. e6 Qxf4 11. exf7+ Kf8 12.
fxg8=Q+ Rxg8 13. Bxg8 Kxg8 {when Black gets some compensation for the lost
exchange.}) 10... Kd8 11. Qe2 Nh6 12. Bb3 Rf8 13. g3 Rb8 14. O-O-O {White is
up a pawn and has a large positional advantage. In the following he doesn't
give Black a single chance to come back into the game.} Rb4 15. Bd2 Qb8 16. f4
Nf5 17. Ne4 Nd4 18. Qd3 Nxb3+ 19. axb3 Rb5 20. Bc3 Bh6 21. Qc4 Qb6 22. Kb1 a5
23. Rd2 g5 24. fxg5 Bg7 25. Bd4 Qb8 26. Nc5 Kc7 27. Rhd1 Rf3 28. Bc3 1-0

[Event "9th Calgary International"]
[Site "Calgary"]
[Date "2016.07.31"]
[Round "7.3"]
[White "Panjwani, Raja"]
[Black "Bruzon, Lazaro"]
[Result "1-0"]
[WhiteElo "2388"]
[BlackElo "2643"]
[PlyCount "71"]
[EventDate "2016.07.27"]
[EventType "swiss"]
[EventRounds "9"]
[EventCountry "CAN"]
[SourceDate "2016.04.20"]

1. Nf3 Nf6 2. c4 c5 3. b3 e6 4. Bb2 Be7 5. e3 O-O 6. d4 cxd4 7. exd4 d5 8. Bd3
b6 9. O-O Bb7 10. Nbd2 Nbd7 11. Qe2 Rc8 12. Rac1 g6 13. Rfd1 Re8 14. Nf1 Bf8
15. Ne3 Bg7 16. Ne5 dxc4 17. Bxc4 {White has more space and more active pieces.
} Nb8 (17... Nd5 {intending to bring the other knight to f6 is a decent
alternative.} {Black may have been worried about} 18. Bb5 {but the computer
says that it may be answered by} Rxc1 19. Rxc1 Nxe5 $1 {with at least equality
in all lines.}) 18. Bb5 Rxc1 19. Rxc1 Re7 20. Qc4 {A big fight for the c-file
is in progress.} Nd5 {Correct.} (20... a6 $2 {initiates the following tactical
sequence that works in White's favor:} 21. Ba3 axb5 22. Bxe7 Qxe7 23. Qc7 Qxc7
24. Rxc7 Ba6 25. Ra7 Bf8 26. Rxf7 {Material is approximately equal but White's
pieces are far more active, while Black's lack coordination.}) 21. Nxd5 exd5 ({
Certainly not} 21... Bxd5 $2 22. Qc8 {and White wins material.}) 22. Qc3 {
White keeps control of the c-file for the time being and retains some
initiative.} Qd6 $6 ({The computer advocates} 22... f6 {(possibly followed by
a7-a6) kicking the white pieces back.} {Black may have been worried about} 23.
Ba3 fxe5 24. Bxe7 Qxe7 25. Qc7 {but he manages to hang on by the skin of his
teeth:} Qxc7 26. Rxc7 Ba6 27. a4 exd4 28. Rxa7 Bxb5 29. axb5 Be5 {etc.}) 23.
Qg3 $1 {Creating new tactical opportunities.} Rc7 (23... a6 $2 {runs into} 24.
Nxg6 $1 {winning on the spot.}) 24. Re1 $5 {Avoiding a trade of rooks is an
interesting decision giving White even more tactical ideas along the h2-b8
diagonal.} Bf8 $2 {Surprisingly, the decisive mistake.} ({After} 24... Na6 {
that kind of protects the c7-rook White can execute the following sequence:}
25. Bxa6 Bxa6 26. Nxg6 Qxg3 27. Re8+ Bf8 28. Rxf8+ Kg7 29. hxg3 hxg6 {Due to
the presence of the opposite-color bishops his extra pawn may not be enough to
win but he can certainly play on with no risk of losing.}) {It looks like with
his last move Black has defended against the Nxg6 threat but it is not the
case at all.} 25. Ba3 $3 {Precisely calculated. White wins in all lines.} Qxa3
({After} 25... Qd8 {White has} 26. Nxf7 Rxf7 27. Re8 Qf6 28. Rxb8 {etc.}) 26.
Nxg6 hxg6 27. Qxc7 Qb4 ({At first glance it looks like} 27... Ba6 {saves Black
but} 28. Be8 $1 {is crushing.}) 28. Re8 Ba6 29. a4 {The simplest solution. The
b8-knight is now doomed.} Bxb5 30. axb5 Qxb3 31. g3 Qxb5 32. Qxb8 Qb4 33. Qxa7
Kg7 34. Qb8 Bd6 35. Qd8 b5 36. Kg2 1-0

[Event "Over 1800"]
[Site "Edmonton"]
[Date "2016.08.27"]
[Round "1.3"]
[White "Findlay, Ian"]
[Black "Macleod, Damon"]
[Result "1-0"]
[WhiteElo "2264"]
[BlackElo "1908"]
[PlyCount "69"]
[EventDate "2016.08.27"]
[EventType "swiss"]
[EventRounds "5"]
[EventCountry "CAN"]
[SourceDate "2016.04.20"]

{The best game of the tournament was played in the very first round on one of
the top boards. Not something one normally sees at a typical weekend event
when the pairings are mismatched.} 1. e4 e5 2. Nf3 Nc6 3. Bb5 Nf6 4. d3 Bc5 5.
Bxc6 dxc6 6. Qe2 Qd6 7. Nbd2 Be6 8. O-O h6 9. c3 Nd7 10. Rd1 b5 11. d4 exd4 12.
cxd4 Bb6 13. a4 O-O 14. axb5 cxb5 15. d5 Bg4 16. Qxb5 Ne5 17. Ra3 f5 {White is
up a pawn but the situation on the board is unclear. His pieces are not well
coordinated and most of them are far away from the king.} 18. Nc4 Nxf3+ {
Black goes for a tempting sequence.} (18... Nxc4 $5 19. Qxc4 fxe4 20. Qxe4 Bh5
{with full compensation for the pawn.}) 19. gxf3 Bxf2+ {This strike would be
great if White were obligated to take the bishop but he isn't.} ({Instead, the
computer points out to} 19... Qg6 $5 {indirectly defending the g4-bishop and
threatening a checkmate in two.} {After} 20. Ne5 Qh5 $1 {the position is
totally unclear.} {Taking the bishop} 21. fxg4 $2 {is still no good in view of}
fxg4 {with too many threats.} {For example,} 22. Nd3 $2 {loses immediately to}
g3) 20. Kg2 $1 ({Certainly not} 20. Kxf2 $2 Qxh2+ {when the white king gets in
big trouble.} {For example, after} 21. Ke3 {Black can play} Bxf3 22. Kxf3 Qh5+
23. Ke3 Qxd1 {regaining material while maintaining a strong attack.}) 20...
Bxf3+ {Spectacular but unsound.} ({Relatively best is} 20... Qg6 {but after}
21. Kxf2 fxe4 22. Ne5 Qh5 23. Nxg4 Qxg4 24. Qe2 {White should be able to
consolidate his extra piece.}) 21. Rxf3 Qg6+ 22. Rg3 $2 ({White has to call
the opponent's bluff with} 22. Kxf2 fxe4 23. Rxf8+ Rxf8+ 24. Ke3 $1 {although
it's easier said than done, of course.} {A sample line is} Qg5+ 25. Kd4 Qf6+
26. Kc5 Qe7+ 27. d6 cxd6+ 28. Nxd6 Rc8+ 29. Kb4 {and the king walks away to
safety.}) 22... Bxg3 23. hxg3 f4 $1 {The tables have suddenly turned; Black's
attack is irresistible.} 24. Qb3 Qxe4+ 25. Kh3 fxg3 26. Ne3 Rf2 27. d6+ Kh8 28.
Ng4 {The only problem for Black is that he has too many winning moves.} Qg2+ (
28... Rf3 {intending g3-g2 was the quickest way to victory.}) {The text
continuation leads to an amazing position.} 29. Kh4 g5+ 30. Kh5 Qh3+ $2 {
Hard to believe but this natural check loses the game. Let's consider a few
alternatives.} ({After} 30... cxd6 31. Qc3+ Kh7 32. Qd3+ {Black has to accept
a draw by perpetual:} Kh8 33. Qd4+ Kh7 34. Qd3+ {etc.}) (30... Raf8 {is an
interesting try but White saves half a point by} 31. Nxf2 Qxf2 32. dxc7 Qe2+
33. Kg6 {Miraculously, Black doesn't have more than his own perpetual:} Qe8+
34. Kxh6 Rf6+ 35. Kxg5 Qe5+ 36. Kh4 Qe4+ 37. Kh3 Qf5+ 38. Kg2 Qf2+ 39. Kh3 Qh2+
40. Kg4 Qe2+ {etc.}) ({It turns out that} 30... Rg8 $3 {is the only move
keeping Black's winning hopes alive.} 31. Nxf2 (31. Qc3+ Rg7 {prevents the
perpetual}) ({Here} 31. Qxg8+ Kxg8 32. d7 {doesn't work because of} Kg7 33.
Nxh6 Qh3+ {with a forced checkmate to follow.}) 31... Qh2+ 32. Kg4 h5+ 33. Kf5
Qxf2+ 34. Ke4 Qe2+ 35. Kd4 cxd6) 31. Kg6 {White has the only legal move but it
wins.} Rg8+ (31... Qxg4 {is no good either in view of} 32. Qc3+) 32. Qxg8+ {
Again, the only legal but sufficient move.} Kxg8 33. d7 Qxg4 (33... Rf8 34.
d8=Q {makes no difference.}) 34. d8=Q+ Rf8 35. Qd5+ 1-0

[Event "Under 1800"]
[Site "Edmonton"]
[Date "2016.08.28"]
[Round "4.1"]
[White "Hughey, Leah"]
[Black "Ivanescu, Cristian"]
[Result "1/2-1/2"]
[WhiteElo "1639"]
[BlackElo "1738"]
[PlyCount "115"]
[EventDate "2016.08.27"]
[EventType "swiss"]
[EventRounds "5"]
[EventCountry "CAN"]
[SourceDate "2016.04.20"]

1. e4 e6 2. d4 d5 3. Nc3 Nf6 4. Bg5 Bb4 5. e5 h6 6. exf6 hxg5 7. fxg7 Rg8 8.
Qh5 Qf6 9. Nf3 Nc6 10. Bb5 Bd7 11. Bxc6 Bxc6 12. Qxg5 Qxg5 13. Nxg5 Rxg7 14. h4
Ke7 15. g3 e5 16. O-O-O e4 17. Rhe1 Kd6 18. Re3 Bd7 19. Rh1 c5 20. Ngxe4+ dxe4
21. dxc5+ Kxc5 22. Nxe4+ Kb6 23. Rb3 a5 24. Rd1 Kc7 25. a3 Be6 26. Rbd3 Be7 27.
Rc3+ Kb6 28. Nd6 Rg6 29. Nc4+ Bxc4 30. Rxc4 Bc5 31. Rf4 f6 32. Rd5 Re8 33. Kd1
Kc6 34. Rff5 Re5 35. Rdxe5 fxe5 36. Ke2 Kd6 {White has three pawns for a piece,
including two connected passers.} 37. Kf3 ({It is more practical to play} 37.
h5 {first, limiting the opponent's options.}) 37... Ke6 $1 {The f5-rook can
barely move, and White has to make a difficult choice.} 38. Ke4 ({The
alternative} 38. g4 {looks wrong to the computer but Black doesn't have
anything concrete.}) 38... Rg4+ 39. f4 Bd6 {Now White can breathe a sigh of
relief.} (39... exf4 $5 {is actually possible: after} 40. gxf4 (40. Rxc5 $2 {
loses to} fxg3+ 41. Kf3 g2) 40... b6 {it's White who has to fight for the draw.
} {She can probably exchange all the pawns by means of} 41. b4 $5 axb4 42. axb4
Bxb4 43. Rg5 $1 Rxh4 44. Rg6+ Kd7 45. Rxb6 {but as we know, holding the R
versus R+B ending is far from easy in a practical game.}) 40. Rg5 $1 {The only
but sufficient resource.} Rxg5 41. hxg5 b6 $2 {This allows White to achieve a
favorable pawn structure on the queenside leading to a winning position.} ({
Instead,} 41... exf4 42. gxf4 a4 43. f5+ Kf7 44. Kd5 Be7 {should suffice for a
draw although proving it over the board wouldn't be easy. For example,} 45. f6
Bf8 46. c4 b6 47. Kc6 Bc5 48. Kb5 Bd4 49. Kxa4 Bxb2 50. Kb5 Bxa3 51. Kxb6 Bc1
52. c5 Bxg5 53. c6 Bf4 {etc.}) 42. a4 $1 exf4 43. gxf4 Bc5 44. f5+ Kf7 45. c3
Ke7 46. Kd5 Be3 47. g6 Kf6 48. Kc6 $1 Bc1 {Obviously, the f5-pawn is taboo.}
49. Kxb6 Bxb2 50. c4 (50. Kxa5 {also wins but in a highly not-trivial fashion:}
Bxc3+ 51. Kb5 Kxf5 52. Kc4 $1 Be5 53. Kd5 $1 Bc3 54. a5 Kxg6 55. a6 {and
queens.}) 50... Kxf5 51. c5 Kxg6 52. c6 Be5 53. Kxa5 Kf7 54. Kb6 Ke7 {The
critical position of the game. White has played very well after the opponent's
mistake on move 41 and is now inches away from a full point.} 55. c7 $4 {
Now it's only a draw, unfortunately.} (55. Kb7 Kd8 56. a5 {would have probably
forced a resignation.}) (55. a5 Kd6 56. a6 {suffices as well.}) 55... Kd7 56.
a5 Bxc7+ 57. Kb5 Bxa5 58. Kxa5 1/2-1/2

[Event "2016 Battle of Alberta "]
[Site "Red Deer"]
[Date "2016.09.10"]
[Round "1.8"]
[White "Leuchanka, Siarhei"]
[Black "Villavieja, Butch"]
[Result "0-1"]
[WhiteElo "2198"]
[BlackElo "2166"]
[PlyCount "86"]
[EventDate "2016.09.10"]
[EventType "team-match"]
[EventRounds "2"]
[EventCountry "CAN"]
[SourceDate "2016.04.20"]
[WhiteTeam "South"]
[BlackTeam "North"]

1. d4 Nf6 2. c4 g6 3. Nc3 Bg7 4. e4 d6 5. f3 O-O 6. Be3 Nc6 7. Nge2 a6 8. Qd2
Rb8 9. Nc1 e5 10. d5 Nd4 11. Nb3 Nxb3 12. axb3 c5 13. b4 cxb4 14. Na4 b5 15.
cxb5 axb5 16. Qxb4 {So far both players have followed the main roads.} Nh5 17.
O-O-O $6 {This novelty looks overly optimistic.} ({All the games that reached
this position continued} 17. Nc3 {which is the best move.}) 17... f5 18. Nc3
Rf7 19. Kb1 Rfb7 20. g3 Nf6 21. Bd3 fxe4 {The computer doesn't like this
capture that releases the tension a little too early.} 22. Nxe4 $1 {Black may
have underestimated this recapture.} Nxe4 ({The consequences of} 22... Nxd5 23.
Qb3 Be6 24. Ng5 {are unclear but Black is better off avoiding this line.}) 23.
Bxe4 $6 {An interesting moment.} (23. fxe4 {is evaluated as equal. The reason
may be that in this case Black's dark-squared bishop will remain out of play
for a long time. On the contrary, after the text move Black will have a chance
to free his bishop by playing e5-e4 as soon as White moves the e4-bishop
anywhere.}) 23... Ra8 {Correct. Black intends to create threats along the
a-file.} 24. b3 $1 {White covers the a4-square...} Ra4 $5 {but Black goes
there anyway.} 25. bxa4 $5 {This leads to a highly unbalanced position with
chances for both sides.} ({Nevertheless, the computer prefers} 25. Qd2 {
forcing the a4-rook back.}) 25... bxa4 26. Qxb7 Bxb7 27. Rd2 Qa5 28. Rc1 Ba6
29. Rb2 a3 30. Rb3 ({Curiously, it is possible to get the queen back by means
of} 30. Bd2 axb2 31. Bxa5 bxc1=Q+ 32. Kxc1 {with a draw but neither side
probably wanted this to happen.}) 30... Qa4 31. Rb8+ Kf7 32. Rc3 Bb5 33. Bc2 $2
{Allowing the e-pawn to move forward is not a good idea that should have cost
White the game right away.} ({It turns out that after a waiting move like} 33.
Ka1 {Black cannot make progress on the queenside.}) 33... Qb4+ 34. Rb3 Qe1+ 35.
Ka2 Bc4 $2 ({The winning move is} 35... e4 $3 {freeing the dark-squared bishop
in a true King's Indian style.} {After something like} 36. Rb7+ Kf8 37. R3xb5 (
37. Kxa3 Qa5#) 37... Qa1+ 38. Kb3 Qb2+ 39. Ka4 Qxc2+ 40. Kxa3 Qc3+ 41. Ka4 Qxe3
{Black wins material.}) 36. R8b7+ Kf6 37. Bb6 $3 {Excellent! This
counterattacking resource is the only way to save half a point.} Kg5 38. h4+ (
38. Rxg7 $2 {is not good in view of} Qc1 {threatening a checkmate in one.})
38... Kh6 39. Bd8 Bxb3+ 40. Kxa3 $2 ({After the natural} 40. Kxb3 {the
following sequence of moves is forced:} Qe3+ 41. Ka2 Qxf3 42. Bg5+ Kh5 43. Rxg7
Qxd5+ 44. Kxa3 {And the game goes on.}) 40... Bf6 $3 {The only but sufficient
winning move.} 41. Bxf6 Qa5+ 42. Kxb3 Qxd5+ 43. Kc3 Qxb7 {An amazing battle!}
0-1

[Event "2016 Battle of Alberta "]
[Site "Red Deer"]
[Date "2016.09.10"]
[Round "2.8"]
[White "Villavieja, Butch"]
[Black "Leuchanka, Siarhei"]
[Result "1-0"]
[WhiteElo "2166"]
[BlackElo "2193"]
[PlyCount "110"]
[EventDate "2016.09.10"]
[EventType "team-match"]
[EventRounds "2"]
[EventCountry "CAN"]
[SourceDate "2016.04.20"]
[WhiteTeam "North"]
[BlackTeam "South"]

1. e4 b6 2. d4 Bb7 3. Bd3 e6 4. Nf3 d5 5. Qe2 Be7 6. e5 c5 7. c3 Qc8 8. O-O Ba6
9. Na3 Bxd3 10. Qxd3 c4 11. Qd1 Nc6 12. Nc2 a6 13. Bd2 Bd8 14. Re1 Nge7 15. Ng5
h6 16. Qh5 Ng6 17. Nh3 Nh4 18. Ne3 g6 19. Qe2 Ne7 20. Ng4 Ng8 21. g3 Nf5 22.
Qf3 h5 23. Ne3 Ngh6 24. Nf4 Nxe3 25. Bxe3 Be7 26. Bd2 Nf5 27. Ng2 Qd8 28. h3
Bg5 29. Rad1 Bxd2 30. Rxd2 Qg5 31. Rde2 b5 32. Nf4 Rb8 33. a3 a5 34. Kh2 O-O
35. h4 Qe7 36. Ng2 b4 37. axb4 axb4 38. Ne3 Nxe3 39. Rxe3 bxc3 40. bxc3 Ra8 41.
Kh3 Rfb8 42. Rg1 Kg7 43. g4 hxg4+ 44. Rxg4 Rh8 45. Qg3 Rh5 46. Rf3 Rf5 47. Rxf5
exf5 48. Rg5 Ra3 49. Kg2 {At first glance, the position looks dead equal. A
more careful examination reveals, however, that Black must be careful not to
allow White to develop initiative on the kingside.} Qe6 $2 {Black defends the
f5-pawn but suddenly loses the game.} ({Curiously, the only way to maintain
equilibrium is} 49... Rb3 $1 {intending to meet} 50. Rxf5 {with} Rxc3 51. Rxf7+
Kxf7 52. Qxc3 Qxh4 {The queen ending is indeed dead drawn.}) {White's
following play is exemplary; he doesn't give the opponent a shred of hope.} 50.
h5 $1 Ra1 51. hxg6 fxg6 52. Rh5 $1 Ra8 53. Qg5 Rg8 54. Rh1 Re8 55. Qh6+ Kg8 {
It's checkmate in 2.} 1-0